<?xml version="1.0" encoding="UTF-8"?>
<record
    xmlns:xsi="http://www.w3.org/2001/XMLSchema-instance"
    xsi:schemaLocation="http://www.loc.gov/MARC21/slim http://www.loc.gov/standards/marcxml/schema/MARC21slim.xsd"
    xmlns="http://www.loc.gov/MARC21/slim">

  <leader>01609nam a2200241Ia 4500</leader>
  <controlfield tag="001">b3391-25833 [4851]</controlfield>
  <controlfield tag="003">IT-MiCISF</controlfield>
  <controlfield tag="005">20231222112334.0</controlfield>
  <controlfield tag="008">161014s9999||||xx |||||||||||||| ||und||</controlfield>
  <datafield tag="040" ind1=" " ind2=" ">
    <subfield code="a">IT-MiCISF</subfield>
    <subfield code="c">IT-MiCISF</subfield>
  </datafield>
  <datafield tag="041" ind1=" " ind2=" ">
    <subfield code="a">it</subfield>
  </datafield>
  <datafield tag="100" ind1=" " ind2=" ">
    <subfield code="a">Pizzini Franca, Lombardi Lia (a cura di)</subfield>
    <subfield code="9">59628</subfield>
  </datafield>
  <datafield tag="245" ind1=" " ind2="0">
    <subfield code="a">Madre provetta.</subfield>
    <subfield code="b">Costi, benefici e limiti della procreazione artificiale</subfield>
  </datafield>
  <datafield tag="260" ind1=" " ind2=" ">
    <subfield code="a"> Milano,</subfield>
    <subfield code="b">Franco Angeli,</subfield>
    <subfield code="c">1994</subfield>
  </datafield>
  <datafield tag="300" ind1=" " ind2=" ">
    <subfield code="a">pp. 191</subfield>
  </datafield>
  <datafield tag="500" ind1=" " ind2=" ">
    <subfield code="a">procreazione-artificiale, sterilit&#xE0;, tecnologie-riproduttive, coppia, bioetica, legislazione, maternit&#xE0;  </subfield>
  </datafield>
  <datafield tag="520" ind1=" " ind2=" ">
    <subfield code="a">Il volume raccoglie le relazioni di tre importanti convegni sulla riproduzione artificiale, tenutisi in Italia negli ultimi anni e organizzati da donne e da organizzazioni femminili. Il tema &#xE8; affrontato attraverso vari aspetti disciplinari: medici, sociologici, legislativi e psicologici. Sono riportate alcune importanti ricerche svoltesi di recente nel nostro paese sul problema della sterilit&#xE0; e sull'impiego delle tecnologie riproduttive; viene dato conto dell'ampio dibattito sui costi e benefici di esse; &#xE8; proposta la centralit&#xE0; della donna come principale referente di riflessione e discussione.</subfield>
  </datafield>
  <datafield tag="650" ind1=" " ind2=" ">
    <subfield code="a">procreazione</subfield>
    <subfield code="9">56309</subfield>
  </datafield>
  <datafield tag="654" ind1=" " ind2=" ">
    <subfield code="a">saggio</subfield>
  </datafield>
  <datafield tag="700" ind1=" " ind2=" ">
    <subfield code="a">   Pizzini F., Wagner M., Spinelli A., Pediconi M., Frontali N., Paro Lari L., Ventimiglia C., Mengarelli M., Flamigni C., Chelo E., Lanzillo R., Zuffa G., Ceci A., Cima L., Diaz A., Tozzi S., Vegetti Finzi S., Fiumanoi M., Boccia M.L., Facchini C., Parolari L. </subfield>
    <subfield code="9">59629</subfield>
  </datafield>
  <datafield tag="942" ind1=" " ind2=" ">
    <subfield code="c">BK</subfield>
    <subfield code="2">ddc</subfield>
  </datafield>
  <datafield tag="999" ind1=" " ind2=" ">
    <subfield code="c">213979</subfield>
    <subfield code="d">213979</subfield>
  </datafield>
  <datafield tag="999" ind1=" " ind2=" ">
    <subfield code="b">si</subfield>
  </datafield>
  <datafield tag="952" ind1=" " ind2=" ">
    <subfield code="0">0</subfield>
    <subfield code="1">0</subfield>
    <subfield code="4">0</subfield>
    <subfield code="6">B_339125833_4851</subfield>
    <subfield code="7">1</subfield>
    <subfield code="a">CISF</subfield>
    <subfield code="b">CISF</subfield>
    <subfield code="d">2016-10-14</subfield>
    <subfield code="l">0</subfield>
    <subfield code="o">b3391-25833 [4851]</subfield>
    <subfield code="r">2016-10-14 00:00:00</subfield>
    <subfield code="w">2016-10-14</subfield>
    <subfield code="y">BK</subfield>
    <subfield code="z">Data import 15.10.2016 / by Epidotti, Vaglietti</subfield>
  </datafield>
</record>
